Wszystkie flagi państw świata według pierwszej litery w 2 minuty - Statystyki

Ogólne statystyki
  • Ten quiz został rozwiązany 5 032 razy
    5 030 od ostatniego zresetowania
  • Średni wynik to 62 z 196
Statystyki odpowiedzi
Obrazkowy Odpowiedź % Poprawnych
J
39%
B
38%
C
38%
H
38%
M
38%
N
38%
P
38%
R
38%
U
38%
A
37%
A
37%
B
37%
B
37%
C
37%
C
37%
F
37%
G
37%
I
37%
K
37%
K
37%
Ł
37%
M
37%
N
37%
P
37%
R
37%
S
37%
T
37%
W
37%
A
36%
A
36%
B
36%
C
36%
E
36%
F
36%
G
36%
I
36%
I
36%
J
36%
K
36%
M
36%
N
36%
S
36%
S
36%
U
36%
W
36%
A
35%
B
35%
C
35%
D
35%
E
35%
H
35%
I
35%
I
35%
L
35%
N
35%
N
35%
P
35%
S
35%
S
35%
S
35%
T
35%
W
35%
A
34%
B
34%
B
34%
C
34%
I
34%
K
34%
K
34%
K
34%
K
34%
L
34%
L
34%
L
34%
M
34%
M
34%
P
34%
R | P
34%
S
34%
S
34%
W
34%
A
33%
A
33%
F
33%
I
33%
K
33%
K
33%
M
33%
M
33%
S
33%
T
33%
W
33%
W
33%
A
32%
A
32%
A
32%
C
32%
H
32%
H
32%
K
32%
L
32%
M
32%
P
32%
S
32%
S
32%
T
32%
T
32%
U
32%
W
32%
B
31%
E
31%
G
31%
P
31%
U
31%
B
30%
B
30%
B
30%
D
30%
E
30%
K
30%
K
30%
L
30%
M
30%
M
30%
O
30%
P
30%
P
30%
T
30%
T
30%
Z
30%
B
29%
B
29%
B
29%
B
29%
B
29%
D
29%
F
29%
K
29%
K
29%
L
29%
M
29%
M
29%
M
29%
M
29%
N
29%
S
29%
S
29%
T
29%
T
29%
Z
29%
A
28%
D
28%
E
28%
G
28%
G
28%
J
28%
K
28%
L
28%
M
28%
R
28%
S
28%
S
28%
S
28%
T
28%
B
27%
D
27%
E
27%
G
27%
J
27%
K
27%
R
27%
S
27%
T
27%
Z
27%
G
26%
K
26%
M
26%
M
26%
N
26%
N
26%
S
26%
S
26%
V
26%
W
26%
G
25%
G
25%
G
25%
S
25%
S
25%
G
24%
N
24%
S
24%
T
24%
R
23%
W
23%
W
23%
Nie znaleziono quizów pasujących do podanych kryteriów
Rozkład punktacji
Procent ludzi z każdym wynikiem
Percentyl według liczby udzielonych odpowiedzi
Twoja historia wyników
Nie rozwiązałeś tego quizu od ostatniego zresetowania